Las tradiciones culturales y la conservación con raíces en la comunidad /
Gardado en:
| Autor Principal: | |
|---|---|
| Formato: | Texto |
| Materias: | |
| Etiquetas: |
Engadir etiqueta
Sen Etiquetas, Sexa o primeiro en etiquetar este rexistro!
|
MARC
| LEADER | 00000 a a2200000 04500 | ||
|---|---|---|---|
| 001 | 41568 | ||
| 003 | |||
| 040 | |||
| 100 | |a Kleymeyer,Charles David | ||
| 245 | |a Las tradiciones culturales y la conservación con raíces en la comunidad / |c Charles David Kleymeyer | ||
| 650 | |a MEDIO AMBIENTE | ||
| 650 | |a CULTURA | ||
| 650 | |a MOVIMIENTOS SOCIALES | ||
| 650 | |a POBLACION INDIGENA | ||
| 773 | |g volumen20, número1 ( , 1996), páginas 27-35 | ||
| 999 | |c 26754 |d 26754 | ||
